Príbehy znakov

Bibliographic Details
Main Author: Kapsová, Eva, 1954- (Author)
Format: Article
Language:Slovak
PhysicalDescription:Fotogr.
ISSN:0862-5999
Subjects:

MARC

LEADER 00000nab a2200000 a 4500
001 vtls008772318
003 SK-MaSNL
005 20260303071500.0
008 140422c2006 xo |||| |o| 000 b|slo
015 |a SNBRB2006/06  |2 snkbucl 
038 |a SNKBUCL 
040 |a SNKBUCL  |b slo  |c SNKBUCL  |e AACR2 
041 0 |a slo 
044 |a xo  |c SK 
080 |a 75.071.2  |x (048)  |2 1997 
100 1 |a Kapsová, Eva,  |d 1954-  |4 aut  |9 194579 
245 1 0 |a Príbehy znakov  |c Eva Kapsová 
300 |b Fotogr. 
600 1 7 |a Hološka, Ľudovít,  |d 1943-  |2 snkbucl  |9 105345 
655 7 |a recenzie  |2 snkbucl  |9 21907 
773 0 |t Literárny (dvoj)týždenník  |g Roč. XIX, č. 19-20 (2006), s. 13  |x 0862-5999 
787 0 8 |i Rec.:  |a Juríčková, Božena, 1955-  |t Príbeh znaku  |d Martin : Vyvadateľstvo Matice slovenskej, 2006  |z 8089208231 
787 0 8 |i Rec.:  |a Hološka, Ľudovít, 1943-  |t Príbeh znaku  |d Martin : Vyvadateľstvo Matice slovenskej, 2006  |z 8089208231 
852 |a SNK  |b KIS3GCP 
958 |a RC 
958 |a SK 
999 |c 1760099  |d 1762029